Posúdenie bezpečnosti práce pri výrobe absorpčných púzdier pre skladovacie zásobníky
Salvato in:
| Autore principale: | |
|---|---|
| Altri autori: | |
| Natura: | Manoscritto Libro |
| Lingua: | slovacco |
| Pubblicazione: |
Trnava :
STU v Bratislave MTF UBEI,
2013
|
| Soggetti: | |
| Accesso online: | VAIS |
| Tags: |
Nessun Tag, puoi essere il primo ad aggiungerne!!
|
MARC
| LEADER | 00000ntm a22000003a 4500 | ||
|---|---|---|---|
| 001 | stu268104 | ||
| 005 | 20160719160740.2 | ||
| 008 | 130612s2013----xo------------------slo-d | ||
| 040 | |a STU |b slo | ||
| 041 | 0 | |a slo | |
| 044 | |a xo | ||
| 100 | 1 | |a Vašina, Daniel, |d 1989- |4 aut |X 59857 |7 A000059857 | |
| 242 | 0 | 0 | |a The work safety assessment during the production of the absorption capsules for the storage tanks |y eng |
| 245 | 1 | |a Posúdenie bezpečnosti práce pri výrobe absorpčných púzdier pre skladovacie zásobníky | |
| 260 | |a Trnava : |b STU v Bratislave MTF UBEI, |c 2013 | ||
| 650 | 7 | |a integrovaná bezpečnosť |2 stusub | |
| 650 | 7 | |a Integrated Safety |2 estusub | |
| 650 | 7 | |a ionizing radiation |2 estusub | |
| 650 | 7 | |a vibrations |2 estusub | |
| 650 | 7 | |a electron beam welding |2 estusub | |
| 650 | 7 | |a grinding |2 estusub | |
| 650 | 7 | |a safety |2 estusub | |
| 650 | 7 | |a ionizujúce žiarenie |2 stusub | |
| 650 | 7 | |a chemické faktory |2 stusub | |
| 650 | 7 | |a vibrácie |2 stusub | |
| 650 | 7 | |a zváranie elektrónovým lúčom |2 stusub | |
| 650 | 7 | |a brúsenie |2 stusub | |
| 650 | 7 | |a bezpečnosť |2 stusub | |
| 700 | 1 | |a Fridrich, Vladimír, |d 1961- |4 ths |X 29396 |7 A000029396 | |
| 856 | 4 | |a info a plný text |u http://is.stuba.sk/zp/portal_zp.pl?podrobnosti=90125 |3 VAIS | |
| 996 | |c M*DP-11412 |l MMSKP |s P |a 0 |w stu268104_0001 | ||